Statistics for Fast Typing - Long Words A-Z

Click here to take the quiz!

General Stats

  • This quiz has been taken 1,189 times
  • The average score is 15 of 26

Answer Stats

WordType Here!% Correct
abecedarianabecedarian
98%
catharsiscatharsis
97%
borborygmusborborygmus
95%
defenestratedefenestrate
93%
eccedentesiasteccedentesiast
88%
gutturotetanygutturotetany
75%
hippophagehippophage
75%
jacinthejacinthe
74%
ichthyismichthyism
70%
floccinaucinihilipilificationfloccinaucinihilipilification
67%
lixiviationlixiviation
66%
niaiserieniaiserie
64%
martyrologymartyrology
60%
kakorrhaphiophobiakakorrhaphiophobia
53%
quincunxquincunx
50%
obeliscolychnyobeliscolychny
48%
rhathymiarhathymia
44%
ughtenughten
40%
preantepenultimatepreantepenultimate
37%
triphthongtriphthong
34%
whifflerywhifflery
33%
sesquipedaliansesquipedalian
30%
veriloquentveriloquent
26%
ypsiliformypsiliform
20%
xylopyrographyxylopyrography
15%
zenzizenzizenziczenzizenzizenzic
13%

Score Distribution

Percentile by Number Answered

Percent of People with Each Score

Your Score History

You have not taken this quiz